| 000 | 03063nam a2200493Ia 4500 | ||
|---|---|---|---|
| 001 | dia_7057 | ||
| 003 | CHAP | ||
| 005 | 20240514132121.0 | ||
| 007 | ta | ||
| 008 | 220117s2018 mx abdof 001 0 spa d | ||
| 040 |
_cCHAP _amxchpua |
||
| 090 |
_aT.C.761 _bV45 IA _c2018 |
||
| 245 | 1 | 0 |
_aAnálisis de las características generales y descripción de procesos agroindustriales observados en 25 empresas en la región centro y sur del país / _ccoordinador Alejandra Velázquez Castillo ; colaboradores Otoniel Bautista Arce...[y otros] |
| 260 |
_aMéxico : _bEl autor, _c2018 |
||
| 300 |
_a357 páginas : _bilustraciones, tablas, gráficas, diagramas, mapas, fotos |
||
| 336 |
_2rdacontent _atexto _btxt |
||
| 337 |
_2rdamedia _ano mediado _bn |
||
| 338 |
_2rdacarrier _avolumen _bnc |
||
| 500 | _aGrado: 4° año Grupo: 05 Directorio: páginas 349-350 | ||
| 502 |
_aViaje de estudios _b(IA) -- _cUACh. Departamento de Ingeniería Agroindustrial, _d2018 |
||
| 504 | _aIncluye bibliografías | ||
| 505 | 0 | 0 |
_aEmpresas visitadas : --
_t1.Cervecería Cuauhtémoc Moctezuma, S.A. de C.V. -- 2.Grupo Cooperativo Quali -- 3.Socorro Romero Sánchez, S.A. de C.V. -- 4.Aceites y Proteínas El Calvario, S. de C.V. -- 5.Muéganos El Águila Real, S. de R.L. -- 6.RICINOMEX, S. de R.L. de C.V. -- 7.Mezcal El Rey de Zapoteco, S.A. de C.V. -- 8.El Rey de Matatlán -- 9.Amaranto de Mesoamérica para el mundo, S.C. de R.L. -- 10.INALIM Comercializadora, S.A. de C.V. -- 11.Compañía Cervecera del Trópico, S.A. de C.V. -- 12.Frutas y Conservas de Veracruz, S.A. de C.V. -- 13.Descafeinadores de México, S.A. de C.V. -- 14.Schettino Hermanos, S. de R.L. de C.V. -- 15.Ingenio el Carmen, S.A. de C.V. -- 16.Cítricos Ex, S.A. de C.V. -- 17.TropicPak, S.A. de C.V. -- 18.Enceradora Las Vegas, S.A. de C.V. -- 19.Elaboración de quesos Jaltepec, S.A. de C.V. -- 20.Centro de Nutrición del Valle de Tulantongo, S.A. de C.V. -- 21.INGREDION México, S.A. de C.V. -- 22.Alimentos Balanceados y Servicios Integrados 2070, S.A. de C.V. -- 23.Rastro Municipal Tipo TIF 412 \ 24. Freixenet México, S.A. de C.V. -- 25.Nora Ileana Vidaurri Damm |
| 650 | 1 | 3 |
_aIndustria del ganado y de la carne _9147937 |
| 650 | 1 | 3 |
_aFrutos _9150524 |
| 650 | 1 | 3 |
_aAlcoholes etílicos _9148013 |
| 650 | 1 | 3 |
_aCacao _xIndustria y comercio _9150787 |
| 650 | 1 | 3 |
_aVerduras _9150530 |
| 650 | 1 | 3 | _aVinos |
| 650 | 1 | 3 |
_aCocoa industry _9150788 |
| 650 | 1 | 3 |
_aDistilled spirits _9148015 |
| 650 | 1 | 3 |
_aFruits _9150789 |
| 650 | 1 | 3 |
_aLivestock and meat industry _9147938 |
| 650 | 1 | 3 |
_aWines _9148017 _zcoordinador |
| 650 | 1 | 3 |
_aVegetables _9151808 |
| 700 | 1 |
_aVelázquez Castillo, Alejandra _9118517 _ecoordinador |
|
| 700 | 1 |
_aBautista Arce, Otoniel _9162884 _ecolaborador |
|
| 856 | 4 | 2 |
_uhttp://10.13.5.2/ve/TC761IA/TC761IA2018-REPORTE.pdf _yDESCARGAR REPORTE |
| 901 | _aT.C.761 V45 IA 2018 | ||
| 902 | _aM | ||
| 905 | _a5232272018 mx dnml8223123322spa16 | ||
| 942 | _2local | ||
| 942 | _cVE | ||
| 999 |
_c178310 _d178310 |
||